| 000 | 00613cam a22001931 4500 | ||
|---|---|---|---|
| 001 | 6518784 | ||
| 005 | 20170413111431.0 | ||
| 008 | 740920s1953 xx 000 0 eng | ||
| 020 | _a9695190804 | ||
| 040 | _cPK-LaUMT | ||
| 082 |
_a291.2 _bGUE-R |
||
| 100 | 1 | _aGuenon, Rene | |
| 245 | 1 | 4 |
_aThe reign of quantity and the signs of the times / _cTranslated from the French by Lord Northbourne |
| 260 |
_aLahore : _bSuhail Academy Lahore, _c1983 _c3rd impression 2004 |
||
| 300 |
_a363 p. _c22 cm. |
||
| 650 | 0 |
_aMaterialism _xMiscellanea. |
|
| 650 | 0 |
_aCivilization, Modern _xPhilosophy _xMiscellanea. |
|
| 942 | _cBK | ||
| 999 |
_c92560 _d92560 |
||